Briefing (Record no. 111481)

MARC details
000 -LEADER
fixed length control field 00902cad a22002055a 4500
001 - CONTROL NUMBER
control field L151611
008 - FIXED-LENGTH DATA ELEMENTS--GENERAL INFORMATION
fixed length control field 101123s2010 xxk f 000 0 eng d
035 ## - SYSTEM CONTROL NUMBER
System control number (Sirsi) u151611
041 0# - LANGUAGE CODE
Language code of text/sound track or separate title eng
050 04 - LIBRARY OF CONGRESS CALL NUMBER
Classification number 343.4107869 $2 18
110 2# - MAIN ENTRY--CORPORATE NAME
Corporate name or jurisdiction name as entry element Freshfields Bruckhaus Deringer LLP
245 00 - TITLE STATEMENT
Title Briefing
Remainder of title contractor claims in a changing economic climate
Medium [electronic resource]
260 ## - PUBLICATION, DISTRIBUTION, ETC.
Place of publication, distribution, etc. [S.l.]
Name of publisher, distributor, etc. Freshfields Bruckhaus Deringer LLP
Date of publication, distribution, etc. 2010
520 ## - SUMMARY, ETC.
Summary, etc. Considers claims for relief under the FIDIC 1999 suite of contracts; claims for relief in common law jurisdictions; claims for relief in the Middle East.
590 ## - LOCAL NOTE (RLIN)
Local note KA NTK
651 #4 - SUBJECT ADDED ENTRY--GEOGRAPHIC NAME
Geographic name International
690 ## - LOCAL SUBJECT ADDED ENTRY--TOPICAL TERM (OCLC, RLIN)
Topical term or geographic name as entry element BUILT ENVIRONMENT-BUILDING CONTRACT FORMS-STANDARD FORMS OF BUILDING CONTRACT
856 40 - ELECTRONIC LOCATION AND ACCESS
Uniform Resource Identifier <a href="https://www.freshfields.com/publications/pdfs/2010/nov10/29169.pdf">https://www.freshfields.com/publications/pdfs/2010/nov10/29169.pdf</a>
Public note View the item free of charge at www.freshfields.com
942 ## - ADDED ENTRY ELEMENTS (KOHA)
Suppress in OPAC 0
Holdings
Withdrawn status Lost status Source of classification or shelving scheme Damaged status Not for loan Home library Current library Shelving location Date acquired Total Checkouts Full call number Barcode Date last seen Copy number Price effective from Koha item type
    Dewey Decimal Classification     Virtual Virtual Online 23/11/2010   ONLINE PUBLICATION 151611-1001 06/08/2019 1 06/08/2019 Book